[Event "FRA-chT Top 12 2019"]
[Site "Brest"]
[Date "2019.05.18"]
[Round "1.7"]
[White "Cappon, John"]
[Black "Wirig, Anthony"]
[Result "0-1"]
[WhiteElo "2094"]
[BlackElo "2516"]
[Annotator "RC"]
[PlyCount "64"]
[EventDate "2019.05.18"]
[EventType "team-tourn"]
[EventCountry "FRA"]
[SourceTitle "playchess.com"]
[Source "ChessBase"]
[SourceQuality "1"]
[TimeControl "40/5400+30:1800+30"]

1. e4 {[%emt 0:00:00]} c5 {[%emt 0:00:40]} 2. Nc3 {[%emt 0:03:00]} a6 {[%emt 0:06:47]} 3. g3 {[%emt 0:00:26]} b5 {[%emt 0:01:25]} 4. Bg2 {[%emt 0:00:16]} Bb7 {[%emt 0:00:05]} 5. d3 {[%emt 0:00:27]} e6 {[%emt 0:00:34]} 6. Nh3 {[%emt 0:00:18]} d6 {[%emt 0:17:04]} 7. O-O {[%emt 0:06:31]} Nc6 {[%emt 0:05:31]} 8. f4 {[%emt 0:10:29]} Nf6 {[%emt 0:16:07]} 9. f5 {[%emt 0:14:44]} exf5 {[%emt 0:03:56]} 10. exf5 {[%emt 0:12:52]} Be7 {[%emt 0:03:33]} 11. Nf4 {[%emt 0:01:53]} Rb8 {[%emt 0:07:28]} 12. Ncd5 {[%emt 0:03:25]} O-O {[%emt 0:03:44]} 13. Nh5 {[%emt 0:24:03]} Ne5 {[%emt 0:04:31]} 14. Nhxf6+ {[%emt 0:07:00]} Bxf6 {[%emt 0:00:31]} 15. Qh5 {[%emt 0:01:00]} Bxd5 {[%emt 0:08:46]} 16. Bxd5 {[%emt 0:00:08]} Nd7 {[%emt 0:02:25]} 17. Kh1 {[%emt 0:03:08]} Nb6 {[%emt 0:02:12]} 18. Bf3 {[%emt 0:01:16]} Re8 {[%emt 0:01:11]} 19. g4 {[%emt 0:01:54]} h6 {[%emt 0:02:42]} 20. Kg2 {[%emt 0:02:43]} c4 {[%emt 0:03:29]} 21. d4 {[%emt 0:02:37]} c3 {[%emt 0:04:18]} 22. b3 {[%emt 0:01:13]} Bxd4 {[%emt 0:00:18]} 23. g5 {[%emt 0:00:39]} hxg5 {[%emt 0:00:42]} 24. Bxg5 {[%emt 0:00:40]} Bf6 {[%emt 0:00:09]} 25. Bf4 {[%emt 0:00:42]} Qc7 {[%emt 0:01:54]} 26. Rad1 {[%emt 0:00:37]} Rbd8 {[%emt 0:01:01]} 27. Kh1 {[%emt 0:00:11]} Qc5 {[%emt 0:01:36]} 28. Rg1 {[%emt 0:00:39]} Qf2 {[%emt 0:00:48]} 29. Rg2 {[%emt 0:01:08]} Re1+ {[%emt 0:00:27]} 30. Rxe1 {[%emt 0:00:07]} Qxe1+ {[%emt 0:00:03]} 31. Rg1 {[%emt 0:00:06]} Qf2 {[%emt 0:00:41]} 32. Bh6 {[%emt 0:00:43]} Bd4 {[%emt 0:00:49]} 0-1

[Event "FRA-chT Top 12 2019"]
[Site "Brest"]
[Date "2019.05.18"]
[Round "1.8"]
[White "Guichard, Pauline"]
[Black "Gras, Delphine"]
[Result "1-0"]
[WhiteElo "2430"]
[BlackElo "1835"]
[Annotator "TA"]
[PlyCount "63"]
[EventDate "2019.05.18"]
[EventType "team-tourn"]
[EventCountry "FRA"]
[SourceTitle "playchess.com"]
[Source "ChessBase"]
[SourceQuality "1"]

{[%evp 9,97,0,3,0,0,0,25,12,32,25,54,-1,35,24,2,8,21,-37,0,0,112,111,134,117,159,146,158,109,114,115,154,145,149,143,137,149,179,129,134,134,111,87,155,172,218,245,333,331,618,607,584,577,978,693,800,739,747,287,287,245,260,237,256,224,419,416,400,407,409,418,663,595,698,496,856,842,1150,770,1309,1681,1493,1033,1831,1704,4132,2583,5081,5014,4885,4714]} 1. d4 d5 2. Bf4 e6 3. e3 Be7 4. Nf3 Nf6 5. Ne5 (5. Nbd2 c5 6. c3 O-O 7. h3 b6 8. Ne5 Nfd7 9. Ndf3 Nxe5 10. Nxe5 Bb7 11. Bd3 Nd7 12. Qh5 Nf6 13. Qe2 Ne4 14. O-O {1-0 (44) Melkumyan,H (2633)-Bindrich,F (2590) Doha 2016}) 5... Nbd7 6. Bd3 {D02: 1 d4 d5 2 Nf3 sidelines, including 2...Nf6 3 g3 and 2...Nf6 3 Bf4} c5 7. c3 Qb6 8. Qc2 {White has an edge.} c4 $146 {White must now prevent ...Nxe5.} ({Predecessor:} 8... Nh5 9. Bg3 Nxg3 10. Nxd7 Bxd7 11. hxg3 h6 12. Nd2 O-O-O {½-½ (60) Schwan,V (1873)-Debald,H (2004) Germany 2012}) 9. Be2 Ne4 10. O-O ({Better is} 10. Nd2 $14) 10... O-O (10... g5 $5 {[%cal Rg5f4]} 11. Nxd7 Bxd7 $11) 11. b3 Nxe5 12. Bxe5 f6 13. Bf4 (13. Bg3 $11) 13... cxb3 (13... e5 {keeps more tension.} 14. f3 Bf5 15. Bxc4 dxc4 16. fxe4 Be6) 14. axb3 {[%cal Ba2b3,Bb3c4][%mdl 32]} Bd6 {[#]} (14... e5 $1 $11 {remains equal.} 15. dxe5 g5) 15. Bxd6 $1 $16 Nxd6 16. c4 dxc4 17. bxc4 Qc7 18. Nc3 b6 19. Bd3 g6 20. Ne2 e5 21. c5 bxc5 22. dxc5 Nf5 23. Be4 Rb8 24. Qa2+ Kg7 25. Qxa7 Rf7 {[#]} ({Black should play} 25... Qxa7 26. Rxa7+ Rf7) 26. Qa3 $1 Rb5 27. Rfc1 Be6 28. Qa6 $1 {[%csl LRb5,LRe6]} Rb4 $2 (28... Bd7 29. Bd5 Rxc5 30. Bxf7 Kxf7 31. Qa2+ Kg7 32. Rxc5 Qxc5) 29. Qxe6 $18 Rxe4 30. Nc3 Re7 31. Qa2 Rg4 32. h3 {Played: Nc3-d5} 1-0

[Event "FRA-chT Top 12 2019"]
[Site "Brest"]
[Date "2019.05.18"]
[Round "1.8"]
[White "Skripchenko, Almira"]
[Black "Monpeurt, Cyrielle"]
[Result "1-0"]
[WhiteElo "2406"]
[BlackElo "2166"]
[Annotator "NA"]
[PlyCount "82"]
[EventDate "2019.05.18"]
[EventType "team-tourn"]
[EventCountry "FRA"]
[SourceTitle "playchess.com"]
[Source "ChessBase"]
[SourceQuality "1"]
[TimeControl "40/5400+30:1800+30"]

1. Nf3 {[%emt 0:00:00]} d5 {[%emt 0:00:01]} 2. g3 {[%emt 0:00:00]} Nf6 {[%emt 0:00:36]} 3. Bg2 {[%emt 0:00:00]} c6 {[%emt 0:00:50]} 4. O-O {[%emt 0:00:35]} Bg4 {[%emt 0:01:31]} 5. d3 {[%emt 0:01:51]} e6 {[%emt 0:04:35]} 6. Nbd2 {[%emt 0:03:53]} Be7 {[%emt 0:06:14]} 7. h3 {[%emt 0:02:35]} Bxf3 {[%emt 0:02:09]} 8. Bxf3 {[%emt 0:02:53]} O-O {[%emt 0:03:58]} 9. e4 {[%emt 0:00:40]} Qc7 {[%emt 0:08:25]} 10. Qe2 {[%emt 0:04:13]} a5 {[%emt 0:07:24]} 11. a4 $11 {[%emt 0:04:38]} Na6 {[%emt 0:02:41]} 12. Bg2 {[%emt 0:04:09]} Rfe8 {[%emt 0:05:39]} 13. Nf3 {[%emt 0:07:42]} Nd7 {[%emt 0:05:41]} 14. d4 {[%emt 0:12:10]} Rac8 {[%emt 0:12:53]} 15. c3 {[%emt 0:05:38]} Bf8 {[%emt 0:00:00]} 16. Re1 {[%emt 0:18:01]} Nf6 {[%emt 0:11:32]} 17. e5 {[%emt 0:10:06]} Nd7 {[%emt 0:00:09]} 18. h4 {[%emt 0:00:05]} c5 {[%emt 0:01:09]} 19. h5 {[%emt 0:02:33]} cxd4 {[%emt 0:03:11]} 20. Nxd4 {[%emt 0:00:07]} Nac5 {[%emt 0:09:01]} 21. Bf4 {[%emt 0:05:44]} Qd8 {[%emt 0:02:54]} 22. Nb5 {[%emt 0:03:28]} Nb6 {[%emt 0:02:12]} 23. Qc2 {[%emt 0:00:06]} f6 {[%emt 0:03:27]} 24. Nd4 {[%emt 0:03:05]} Nc4 {[%emt 0:01:05]} 25. Rad1 {[%emt 0:02:43]} fxe5 {[%emt 0:02:26]} 26. Bxe5 {[%emt 0:00:03]} Nxe5 {[%emt 0:00:23]} 27. Rxe5 {[%emt 0:00:04]} Qf6 {[%emt 0:00:42]} 28. f4 {[%emt 0:01:01]} Bd6 {[%emt 0:01:09]} 29. Re2 {[%emt 0:01:28]} Kh8 {[%emt 0:00:12]} 30. Rde1 {[%emt 0:00:43]} e5 {[%emt 0:01:22]} 31. Bxd5 {[%emt 0:01:00]} e4 {[%emt 0:01:23]} 32. Bxe4 {[%emt 0:00:44]} Nxe4 {[%emt 0:00:26]} 33. Rxe4 {[%emt 0:00:06]} Red8 {[%emt 0:00:24]} 34. Kg2 {[%emt 0:01:37]} Bc5 {[%emt 0:00:38]} 35. Ne6 {[%emt 0:00:28]} Rg8 {[%emt 0:00:32]} 36. Ng5 {[%emt 0:02:10]} Qf5 {[%emt 0:00:35]} 37. R4e2 {[%emt 0:00:41]} Qd5+ {[%emt 0:00:29]} 38. Kh2 {[%emt 0:00:57]} g6 {[%emt 0:00:04]} 39. hxg6 {[%emt 0:00:39]} Rxg6 {[%emt 0:00:29]} 40. Qe4 {[%emt 0:00:36]} Rh6+ {[%emt 0:00:33]} 41. Kg2 {[%emt 0:30:08]} Rd6 {[%emt 0:03:53]} 1-0

[Event "FRA-chT Top 12 2019"]
[Site "Brest"]
[Date "2019.05.18"]
[Round "1.8"]
[White "Milliet, Sophie"]
[Black "Bolon, Karelle"]
[Result "1-0"]
[WhiteElo "2400"]
[BlackElo "2018"]
[Annotator "NA"]
[PlyCount "67"]
[EventDate "2019.05.18"]
[EventType "team-tourn"]
[EventCountry "FRA"]
[SourceTitle "playchess.com"]
[Source "ChessBase"]
[SourceQuality "1"]
[TimeControl "40/5400+30:1800+30"]

1. e4 {[%emt 0:00:00]} e6 {[%emt 0:00:00]} 2. d4 {[%emt 0:00:00]} d5 {[%emt 0:00:00]} 3. Bd3 {[%emt 0:03:45]} dxe4 {[%emt 0:04:33]} 4. Bxe4 {[%emt 0:00:02]} Nd7 {[%emt 0:02:23]} 5. Ne2 {[%emt 0:04:32]} Ngf6 {[%emt 0:01:18]} 6. Bf3 {[%emt 0:00:03]} c5 {[%emt 0:08:18]} 7. Be3 {[%emt 0:04:52]} cxd4 $11 {[%emt 0:09:33]} 8. Nxd4 {[%emt 0:00:27]} e5 {[%emt 0:00:43]} 9. Nb5 {[%emt 0:02:57]} e4 {[%emt 0:26:36]} 10. Be2 {[%emt 0:00:06]} Be7 {[%emt 0:12:46]} 11. Nd6+ {[%emt 0:01:20]} Kf8 {[%emt 0:00:22]} 12. Nc3 {[%emt 0:04:25]} Qa5 {[%emt 0:02:17]} 13. Qd2 {[%emt 0:05:16]} Qb4 {[%emt 0:04:44]} 14. O-O-O {[%emt 0:02:19]} Bxd6 {[%emt 0:00:20]} 15. a3 {[%emt 0:01:44]} Qa5 {[%emt 0:02:01]} 16. Qxd6+ {[%emt 0:00:05]} Kg8 {[%emt 0:02:14]} 17. Nd5 {[%emt 0:02:45]} h6 {[%emt 0:02:24]} 18. Bc4 {[%emt 0:06:20]} Kh7 {[%emt 0:05:33]} 19. Nc7 {[%emt 0:07:40]} Rb8 {[%emt 0:03:42]} 20. Bxf7 {[%emt 0:00:40]} Ne5 {[%emt 0:01:40]} 21. Bd5 {[%emt 0:11:48]} Nd3+ {[%emt 0:05:03]} 22. cxd3 {[%emt 0:14:20]} Bg4 {[%emt 0:00:11]} 23. f3 {[%emt 0:00:31]} exf3 {[%emt 0:03:03]} 24. Rd2 {[%emt 0:13:42]} Rhc8 {[%emt 0:00:27]} 25. Rc2 {[%emt 0:02:49]} Nxd5 {[%emt 0:00:51]} 26. Qxd5 {[%emt 0:01:22]} fxg2 {[%emt 0:01:15]} 27. Qxg2 {[%emt 0:02:38]} Rxc7 {[%emt 0:00:20]} 28. Qxg4 {[%emt 0:00:06]} Rxc2+ {[%emt 0:00:41]} 29. Kxc2 {[%emt 0:00:03]} b5 {[%emt 0:00:12]} 30. Rg1 {[%emt 0:01:13]} Qc7+ {[%emt 0:00:10]} 31. Kb1 {[%emt 0:00:05]} Qe7 {[%emt 0:00:28]} 32. Qg6+ {[%emt 0:01:38]} Kh8 {[%emt 0:00:09]} 33. Bd4 {[%emt 0:00:27]} Rb7 {[%emt 0:00:15]} 34. Qxh6+ {[%emt 0:00:18]} 1-0

[Event "FRA-chT Top 12 2019"]
[Site "Brest"]
[Date "2019.05.18"]
[Round "1.8"]
[White "Leconte, Maria"]
[Black "Fruteau, Sabine"]
[Result "1-0"]
[WhiteElo "2246"]
[BlackElo "2015"]
[Annotator "NA"]
[PlyCount "99"]
[EventDate "2019.05.18"]
[EventType "team-tourn"]
[EventCountry "FRA"]
[SourceTitle "playchess.com"]
[Source "ChessBase"]
[SourceQuality "1"]
[TimeControl "40/5400+30:1800+30"]

1. e4 {[%emt 0:00:00]} e5 {[%emt 0:00:00]} 2. Nf3 {[%emt 0:00:00]} Nc6 {[%emt 0:00:00]} 3. Bb5 {[%emt 0:00:14]} a6 {[%emt 0:00:00]} 4. Ba4 {[%emt 0:00:05]} Nf6 {[%emt 0:00:02]} 5. Qe2 {[%emt 0:00:06]} b5 {[%emt 0:03:52]} 6. Bb3 {[%emt 0:00:05]} Be7 {[%emt 0:00:56]} 7. c3 {[%emt 0:01:04]} O-O {[%emt 0:00:52]} 8. O-O {[%emt 0:00:19]} d6 {[%emt 0:01:35]} 9. h3 {[%emt 0:00:21]} Na5 {[%emt 0:03:39]} 10. Bc2 {[%emt 0:01:45]} c5 {[%emt 0:00:45]} 11. d3 {[%emt 0:00:57]} Qc7 {[%emt 0:02:26]} 12. Nbd2 {[%emt 0:01:35]} Re8 {[%emt 0:09:41]} 13. Re1 {[%emt 0:01:46]} Bf8 {[%emt 0:00:34]} 14. Nf1 {[%emt 0:00:31]} g6 {[%emt 0:15:15]} 15. Ng3 {[%emt 0:13:09]} Bg7 {[%emt 0:00:49]} 16. Nh2 {[%emt 0:01:28]} Nc6 {[%emt 0:07:10]} 17. Qf3 {[%emt 0:03:23]} Kh8 {[%emt 0:14:07]} 18. Bg5 {[%emt 0:07:57]} Ng8 {[%emt 0:00:17]} 19. h4 {[%emt 0:00:13]} f6 {[%emt 0:03:31]} 20. Bd2 {[%emt 0:01:17]} Be6 {[%emt 0:00:57]} 21. h5 {[%emt 0:01:06]} g5 {[%emt 0:05:47]} 22. Ng4 {[%emt 0:12:25]} Qf7 {[%emt 0:08:38]} 23. Nf5 {[%emt 0:00:45]} Qxh5 {[%emt 0:02:52]} 24. Nxd6 {[%emt 0:00:32]} Re7 {[%emt 0:05:32]} 25. Nf5 {[%emt 0:05:35]} Bxf5 {[%emt 0:02:26]} 26. exf5 {[%emt 0:07:37]} Rc8 {[%emt 0:00:42]} 27. Nxe5 {[%emt 0:00:03]} Qxf3 {[%emt 0:00:45]} 28. Nxf3 {[%emt 0:03:04]} Nh6 {[%emt 0:08:28]} 29. Be3 {[%emt 0:04:51]} Nd8 {[%emt 0:00:07]} 30. Bxc5 {[%emt 0:00:03]} Rxe1+ {[%emt 0:00:09]} 31. Rxe1 {[%emt 0:00:15]} Nb7 32. d4 {[%emt 0:00:05]} Nxc5 {[%emt 0:00:44]} 33. dxc5 {[%emt 0:00:11]} Bf8 {[%emt 0:00:09]} 34. b4 {[%emt 0:00:30]} a5 {[%emt 0:00:56]} 35. Nd4 {[%emt 0:00:42]} axb4 {[%emt 0:01:05]} 36. cxb4 {[%emt 0:00:06]} Ra8 {[%emt 0:00:16]} 37. Bb3 {[%emt 0:02:19]} Rd8 {[%emt 0:01:24]} 38. Rd1 {[%emt 0:01:59]} Rb8 {[%emt 0:00:35]} 39. f3 {[%emt 0:02:48]} Ng8 {[%emt 0:01:17]} 40. Be6 {[%emt 0:03:12]} h5 {[%emt 0:00:32]} 41. Nc6 {[%emt 0:32:47]} Rb7 {[%emt 0:30:34]} 42. Bd7 {[%emt 0:06:36]} Bh6 {[%emt 0:00:36]} 43. Nd8 {[%emt 0:02:14]} Ra7 {[%emt 0:00:12]} 44. c6 {[%emt 0:01:19]} g4 {[%emt 0:00:23]} 45. Nf7+ {[%emt 0:06:07]} Kg7 {[%emt 0:00:06]} 46. Nxh6 {[%emt 0:00:03]} Kxh6 {[%emt 0:00:08]} 47. Rc1 {[%emt 0:02:15]} Rc7 {[%emt 0:00:06]} 48. a4 {[%emt 0:00:29]} Ne7 {[%emt 0:00:29]} 49. Rc5 {[%emt 0:01:35]} bxa4 {[%emt 0:00:29]} 50. b5 {[%emt 0:00:11]} 1-0

[Event "FRA-chT Top 12 2019"]
[Site "Brest"]
[Date "2019.05.18"]
[Round "1.8"]
[White "De Seroux, Camille"]
[Black "Sebag, Marie"]
[Result "1/2-1/2"]
[WhiteElo "2143"]
[BlackElo "2476"]
[Annotator "TA"]
[PlyCount "57"]
[EventDate "2019.05.18"]
[EventType "team-tourn"]
[EventCountry "FRA"]
[SourceTitle "playchess.com"]
[Source "ChessBase"]
[SourceQuality "1"]

{[%evp 11,57,7,7,7,7,7,7,7,7,8,6,1,5,0,29,28,29,28,44,31,45,43,38,28,46,45,52,45,47,36,27,8,13,14,9,29,9,9,22,10,16,19,14,0,0,0,0,0]} 1. e4 c5 2. Nf3 d6 3. Bb5+ Nd7 4. d4 cxd4 5. Qxd4 a6 6. Bxd7+ Bxd7 7. c4 {B51: Sicilian: Moscow Variation (3 Bb5+) without 3...Bd7} (7. Nc3 e5 8. Qd3 Rc8 9. O-O h6 10. Nd2 Be6 11. Rd1 Nf6 12. Nf1 Bc4 13. Qf3 Bxf1 14. Kxf1 Be7 15. Qd3 Rc6 {½-½ (30) Ni,H (2674)-Fedoseev,V (2702) China 2019}) 7... e5 8. Qd3 b5 9. Nc3 {[%cal Rc4b5]} bxc4 10. Qxc4 Be6 11. Qc6+ Bd7 12. Qc4 Qc8 (12... Be6 {looks sharper.}) 13. Qd3 h6 14. O-O Nf6 15. b3 Qb7 16. Nd2 Be6 17. Ba3 $146 Rd8 18. Rfd1 Be7 19. Nc4 {[%cal Rc4d6]} O-O 20. Ne3 ({Don't blunder} 20. Nxd6 $2 Bxd6 21. Bxd6 Ne8 $19) 20... Rc8 21. Ncd5 (21. h3 {with more complications.} Rfd8 22. Rac1 Rc7 23. Ncd5 Nxd5 24. Nxd5 Bxd5 25. Qxd5 Qxd5 26. Rxd5 Rxc1+ 27. Bxc1 Rc8 28. Be3) 21... Nxd5 22. Nxd5 Bxd5 23. Qxd5 Qxd5 24. Rxd5 {The position is equal.} Rc6 25. Rad1 {[%cal Ra3d6]} Rfc8 26. Kf1 {[%cal Ra3d6]} Rc2 27. Bxd6 Bxd6 28. Rxd6 Rxa2 {[#] White must now prevent ...Rcc2.} 29. Rd8+ {Accuracy: White = 58%, Black = 87%.} 1/2-1/2

[Event "FRA-chT Top 12 2019"]
[Site "Brest"]
[Date "2019.05.18"]
[Round "1.8"]
[White "Haussernot, Cecile"]
[Black "Adrian, Claude"]
[Result "1/2-1/2"]
[WhiteElo "2097"]
[BlackElo "2238"]
[Annotator "NA"]
[PlyCount "62"]
[EventDate "2019.05.18"]
[EventType "team-tourn"]
[EventCountry "FRA"]
[SourceTitle "playchess.com"]
[Source "ChessBase"]
[SourceQuality "1"]
[TimeControl "40/5400+30:1800+30"]

1. e4 {[%emt 0:00:00]} e6 {[%emt 0:00:00]} 2. d4 {[%emt 0:00:00]} d5 {[%emt 0:00:00]} 3. Nc3 {[%emt 0:00:00]} Bb4 {[%emt 0:00:00]} 4. exd5 {[%emt 0:00:00]} exd5 {[%emt 0:00:00]} 5. Bd3 {[%emt 0:00:00]} Nc6 {[%emt 0:02:28]} 6. Nge2 {[%emt 0:00:27]} Nf6 {[%emt 0:04:02]} 7. Bg5 {[%emt 0:15:02]} h6 {[%emt 0:04:13]} 8. Bf4 {[%emt 0:02:11]} O-O {[%emt 0:03:18]} 9. Qd2 {[%emt 0:01:12]} Ne4 {[%emt 0:12:37]} 10. Bxe4 {[%emt 0:01:56]} dxe4 {[%emt 0:01:56]} 11. O-O-O {[%emt 0:02:10]} Qe7 {[%emt 0:17:55]} 12. d5 {[%emt 0:05:13]} Ne5 {[%emt 0:05:36]} 13. Qd4 {[%emt 0:05:15]} Ng6 {[%emt 0:01:41]} 14. d6 {[%emt 0:13:38]} Bxd6 {[%emt 0:01:32]} 15. Bxd6 {[%emt 0:00:05]} cxd6 {[%emt 0:02:28]} 16. Qxe4 {[%emt 0:11:14]} Be6 {[%emt 0:02:56]} 17. h4 {[%emt 0:05:44]} Rac8 {[%emt 0:02:53]} 18. h5 {[%emt 0:04:36]} Ne5 {[%emt 0:04:27]} 19. Rd4 {[%emt 0:04:01]} Nc6 {[%emt 0:07:01]} 20. Rd3 {[%emt 0:01:58]} d5 {[%emt 0:02:28]} 21. Qf4 {[%emt 0:03:08]} Rfd8 {[%emt 0:11:02]} 22. Rg3 {[%emt 0:00:59]} Qc7 {[%emt 0:03:46]} 23. Qxc7 {[%emt 0:00:27]} Rxc7 {[%emt 0:00:02]} 24. Nb5 {[%emt 0:00:09]} Rcc8 {[%emt 0:01:28]} 25. Nbd4 {[%emt 0:00:11]} Nxd4 {[%emt 0:04:43]} 26. Nxd4 {[%emt 0:00:05]} Rc4 {[%emt 0:00:09]} 27. c3 {[%emt 0:00:35]} a6 {[%emt 0:01:21]} 28. Re1 {[%emt 0:03:19]} Rd6 {[%emt 0:00:21]} 29. f4 {[%emt 0:00:47]} Kf8 {[%emt 0:01:07]} 30. Rge3 {[%emt 0:02:26]} Bd7 {[%emt 0:00:07]} 31. Re7 {[%emt 0:03:34]} Rc8 {[%emt 0:00:56]} 1/2-1/2

[Event "FRA-chT Top 12 2019"]
[Site "Brest"]
[Date "2019.05.19"]
[Round "2.1"]
[White "Harikrishna, Pentala"]
[Black "Godart, Francois"]
[Result "1-0"]
[WhiteElo "2730"]
[BlackElo "2419"]
[Annotator "TA"]
[PlyCount "83"]
[EventDate "2019.05.18"]
[EventType "team-tourn"]
[EventCountry "FRA"]
[SourceTitle "playchess.com"]
[Source "ChessBase"]
[SourceQuality "1"]

{[%evp 14,83,0,0,25,22,28,29,22,26,30,25,36,44,43,11,16,-35,0,0,0,-14,22,22,22,15,23,18,22,14,22,14,47,48,43,44,57,60,78,33,79,79,83,56,49,59,59,37,66,25,22,0,78,68,114,114,123,108,143,136,159,156,214,172,253,252,243,248,278,278,278,270]} 1. Nf3 d5 2. g3 Nf6 3. Bg2 c5 4. O-O e6 5. c4 d4 6. e3 Nc6 7. exd4 cxd4 8. d3 h6 {A13: English Opening: 1...e6} 9. Bf4 Bd6 10. Bxd6 Qxd6 {White has an edge.} 11. Nbd2 O-O 12. Rc1 $146 ({Predecessor:} 12. Re1 Rb8 13. Rc1 b6 14. a3 a5 15. Nb3 Bb7 16. c5 bxc5 17. Nxc5 Ba8 18. Re2 Rb5 19. Rec2 Ne7 20. Qe2 {½-½ (20) Erdos,V (2627)-Arutinian,D (2536) Batumi 2018}) 12... e5 13. Re1 Be6 14. c5 (14. b4 $5) 14... Qc7 15. Qa4 (15. Nc4 $11) 15... Nd7 16. a3 a5 $1 17. Nb3 Bxb3 18. Qxb3 a4 19. Qd5 Ra5 20. Nd2 Rd8 21. Qd6 Qxd6 22. cxd6 Rb5 23. Bxc6 bxc6 24. Rxc6 Rxb2 25. Nc4 Rb3 26. Rc7 {Na5 is the strong threat.} Nb6 (26... Rxd3 $2 {[#]} 27. Rxd7 $1 {[%mdl 512]} Rxd7 28. Nxe5 $18) 27. Nxb6 ({Don't play} 27. Rxe5 Nxc4 28. dxc4 Rxd6 $11) 27... Rxb6 28. Rxe5 Rdxd6 $16 {[%mdl 4096] Endgame KRR-KRR} 29. Re8+ Kh7 30. Rxf7 Rb3 31. Ra7 Rxd3 32. Ree7 (32. Rxa4 {seems wilder.} g5 33. Raa8 Rd1+ 34. Kg2 Kg6 35. Rf8) 32... Rd1+ (32... Rxa3 $11 33. Rxg7+ Kh8) 33. Kg2 Rg6 34. Rxa4 d3 35. Rd4 Rd2 {intending ...Rf6.} 36. Re3 Rf6 37. Rf3 ({Inferior is} 37. Rdxd3 Rfxf2+ 38. Kh3 Rc2 $11) 37... Rxf3 (37... Ra6 $16 38. Rdxd3 Ra2) 38. Kxf3 $18 Kg6 (38... g5 {is a better defense.} 39. a4 Ra2) 39. h4 Kh5 40. Rd6 g6 41. g4+ Kxh4 42. Rxg6 {Accuracy: White = 64%, Black = 48%.} 1-0

[Event "FRA-chT Top 12 2019"]
[Site "Brest"]
[Date "2019.05.19"]
[Round "2.1"]
[White "Hera, Imre Jr."]
[Black "Tabatabaei, M.amin"]
[Result "1-0"]
[WhiteElo "2611"]
[BlackElo "2610"]
[Annotator "TA"]
[PlyCount "99"]
[EventDate "2019.05.18"]
[EventType "team-tourn"]
[EventCountry "FRA"]
[SourceTitle "playchess.com"]
[Source "ChessBase"]
[SourceQuality "1"]

{[%evp 11,99,26,22,20,20,0,26,-16,37,-9,-12,-45,0,-4,-1,-52,-53,-71,-64,-108,-102,-122,-120,-141,-75,-75,-31,-52,-48,-58,8,7,5,-80,-45,-55,0,0,0,0,12,0,53,49,83,83,73,70,67,87,83,76,93,91,92,90,122,84,197,104,190,181,180,143,193,197,246,214,792,756,750,748,706,694,683,586,586,586,586,586,591,577,748,730,29980,29981,29987,29988,29992,29993]} 1. Nf3 d5 2. g3 Nf6 3. Bg2 Bf5 4. O-O e6 5. d3 Be7 6. c4 c6 7. Qb3 {A11: English Opening: 1...c6} Qb6 8. Qc2 Nbd7 (8... O-O 9. cxd5 cxd5 10. Be3 Qa6 11. Rc1 Ng4 12. Bf4 Nc6 13. h3 Nf6 14. Ne5 Nxe5 15. Bxe5 {½-½ (47) Eljanov,P (2757)-Malakhov,V (2698) Novi Sad 2016}) 9. b3 {White has an edge.} e5 $146 (9... h6 $11) ({Predecessor:} 9... h6 10. Bb2 O-O 11. Nbd2 Rfe8 12. a3 a5 13. Bc3 Bg6 14. Qb2 c5 15. cxd5 exd5 {1-0 (46) Lazic,M (2496)-Srinath,R (2278) Djenovici 2018}) 10. Bb2 d4 11. Nbd2 h6 12. Rae1 O-O 13. h3 (13. e3 $11 dxe3 14. Rxe3) 13... Bc5 $15 14. Kh1 Rfe8 $36 {[%mdl 2048] White is under pressure.} 15. g4 Bh7 16. Nh4 a5 17. a3 Rad8 (17... Qd8 $142 18. Nhf3 Nf8) 18. Nf5 $17 h5 19. Bf3 Bf8 20. Ng3 hxg4 ({Black should play} 20... h4 $15 21. Nf5 Nc5) 21. hxg4 $11 Nc5 22. Bc1 (22. Kg2 $11) 22... Bg6 23. Kg2 Ne6 ({Black should try} 23... e4 $1 $15 24. Ngxe4 Bxe4 25. Nxe4 Nfxe4 26. Bxe4 Qxb3) 24. Rh1 Nf4+ 25. Kg1 Qc7 26. Nde4 Nxe4 (26... Bxe4 $11 27. Nxe4 Nxe4 28. Bxe4 g6) 27. Bxe4 $14 Qd7 {White must now prevent ...Bxe4.} 28. Nf5 {e3 is the strong threat.} Ne6 29. Kg2 Nc5 30. Rh3 {aiming for Reh1.} Nxe4 31. dxe4 f6 32. c5 Qe6 33. Reh1 Ra8 34. a4 Reb8 (34... Kf7 $16) 35. Rf3 (35. g5 $18) 35... b6 (35... Kf7 $16) 36. cxb6 $18 Rxb6 {[#]} 37. g5 $1 fxg5 38. Bxg5 Rab8 {[%cal Rb6b3] [#]} 39. Rhh3 $1 Bf7 $2 (39... Bh7 40. Bd2 R6b7) 40. Qc1 {Strongly threatening Qh1.} Qg6 41. Qh1 {[%csl Gh1][%cal Rh3h8]} Qxg5+ 42. Rfg3 Qxg3+ 43. Rxg3 {Intending Nh6+ and mate.} c5 44. Nh6+ Rxh6 45. Qxh6 Rxb3 46. Rg5 Rb2 47. Qc6 Rxe2 48. Rf5 {White mates.} g6 49. Rf3 Bh6 {[#]} 50. Qf6 $1 {[%mdl 64] Double Attack. Accuracy: White = 55%, Black = 37%.} 1-0